[Event "Titled Tue 17th Jun Early"]
[Site "chess.com INT"]
[Date "2025.06.17"]
[Round "8"]
[White "Matveeva, Olga"]
[Black "Medina, VInce Angelo"]
[Result "1-0"]
[WhiteTitle "WIM"]
[WhiteElo "2177"]
[BlackElo "2138"]
[WhiteFideId "24107018"]
[BlackFideId "5205069"]
[EventDate "2025.06.17"]

1. d4 d5 2. c4 Bf5 3. cxd5 Bxb1 4. Rxb1 Qxd5 5. Nf3 Qxa2 6. Bf4 e6 7. Qc2 Nc6 8.
Bd2 Nf6 9. e3 Bb4 10. Bb5 O-O 11. Bxc6 Bxd2+ 12. Nxd2 bxc6 13. O-O Qd5 14. Rfc1
e5 15. dxe5 Ng4 16. Nf3 Rad8 17. Qxc6 Qb3 18. Qxc7 h6 19. h3 Nxe3 20. fxe3 Qxe3+
21. Kh1 Rd3 22. Re1 Qf4 23. Qc6 Kh8 24. Qe4 Qxe4 25. Rxe4 Rb8 26. b4 Rb5 27. Nd4
Rd5 28. Nc6 a6 29. e6 fxe6 30. Rxe6 Rc3 31. Kh2 Kh7 32. Rb2 Rb5 33. Nd4 Rd5 34.
Nf3 Ra3 35. Rb6 Ra4 36. Rb7 Kg6 37. Rc2 Rb5 38. Rxb5 axb5 39. Rb2 Ra6 40. Nd4
Rb6 41. Kg3 Kf6 42. Kf4 Rb8 43. Ke4 Re8+ 44. Kd5 Re5+ 45. Kc6 Kg5 46. Nxb5 Re2
47. Rxe2 1-0

[Event "Titled Tue 17th Jun Early"]
[Site "chess.com INT"]
[Date "2025.06.17"]
[Round "8"]
[White "Platzgummer, Fabian"]
[Black "Nayem, Haque"]
[Result "1-0"]
[WhiteTitle "IM"]
[BlackTitle "FM"]
[WhiteElo "2293"]
[BlackElo "2180"]
[WhiteFideId "1617222"]
[BlackFideId "10217754"]
[EventDate "2025.06.17"]

1. Nf3 d5 2. g3 g6 3. Bg2 Bg7 4. O-O e5 5. d3 Ne7 6. c4 c6 7. Nc3 O-O 8. Rb1 a5
9. a3 Na6 10. cxd5 Nxd5 11. Nxd5 cxd5 12. b4 axb4 13. axb4 Bf5 14. Qb3 e4 15.
Nh4 Be6 16. b5 Nc5 17. Qb4 b6 18. d4 Ra4 19. Qe1 Nb7 20. f4 Bxd4+ 21. e3 Bf6 22.
f5 Bd7 23. fxg6 fxg6 24. Qd1 Be6 25. Qxa4 Nc5 26. Qc2 Nd3 27. Ba3 Rf7 28. Qc6
Bg4 29. Bd6 Be2 30. Rfc1 Nxc1 31. Rxc1 Bxh4 32. gxh4 Bf3 33. Qc8 Rd7 34. Qxd8+
Rxd8 35. Be5 Be2 36. Bf1 Bxf1 37. Kxf1 Rd7 38. Rc6 Rf7+ 39. Rf6 Ra7 40. Rxb6 Ra2
41. Rb7 Rc2 42. b6 1-0

[Event "Titled Tue 17th Jun Early"]
[Site "chess.com INT"]
[Date "2025.06.17"]
[Round "8"]
[White "Shuvalov, Evgenij"]
[Black "Jacobsen, Mikkel Manosri"]
[Result "0-1"]
[BlackTitle "FM"]
[WhiteElo "1986"]
[BlackElo "2223"]
[WhiteFideId "4187237"]
[BlackFideId "1444514"]
[EventDate "2025.06.17"]

1. d4 d5 2. c4 e6 3. Nf3 a6 4. cxd5 exd5 5. Nc3 h6 6. Qb3 Nf6 7. e4 dxe4 8. Ne5
Qe7 9. Bc4 Nc6 10. Bxf7+ Kd8 11. Ng6 Nxd4 12. Qd1 Qxf7 13. Qxd4+ Bd7 14. Nxh8
Qh5 15. Bf4 Bc5 16. Qd2 Ke7 17. O-O Rxh8 18. Bxc7 Bc6 19. Rad1 Kf7 20. Bg3 Re8
21. Qc2 Qg4 22. Qb3+ Kg6 23. Rde1 h5 24. Nd1 h4 25. Bc7 e3 26. f3 e2+ 27. Nf2
exf1=Q+ 28. Rxf1 Qd4 29. Qc2+ Kh6 30. Kh1 Bb5 31. Ng4+ Nxg4 32. fxg4 Bxf1 33.
Qc1+ Qe3 34. Qxf1 Qe1 0-1

[Event "Titled Tue 17th Jun Early"]
[Site "chess.com INT"]
[Date "2025.06.17"]
[Round "8"]
[White "Masague Artero, Guerau"]
[Black "Hansen, Eric"]
[Result "0-1"]
[WhiteTitle "FM"]
[BlackTitle "GM"]
[WhiteElo "2326"]
[BlackElo "2609"]
[WhiteFideId "32098952"]
[BlackFideId "2606771"]
[EventDate "2025.06.17"]

1. c4 e5 2. Nc3 Bb4 3. Nd5 Be7 4. d4 d6 5. e4 Nf6 6. Nxe7 Qxe7 7. f3 exd4 8.
Qxd4 O-O 9. Ne2 Nc6 10. Qc3 Re8 11. Bg5 Nxe4 12. Bxe7 Nxc3 13. Nxc3 Rxe7+ 14.
Kf2 Be6 15. b3 Rae8 16. Rd1 f5 17. Be2 g6 18. f4 Kg7 19. Bf3 Bf7 20. Rd3 a5 21.
Rhd1 Nb4 22. R3d2 b6 23. Nb5 Na6 24. Bc6 Rb8 25. Re1 Rxe1 26. Kxe1 Be8 27. Bf3
Kf6 28. Nc3 Bf7 29. Kf2 Re8 30. Bc6 Re7 31. g3 Nc5 32. Kf3 h6 33. Kf2 g5 34. Bg2
gxf4 35. gxf4 a4 36. b4 Ne4+ 37. Bxe4 fxe4 38. Ke3 Bxc4 39. Rd4 b5 40. a3 Kf5
41. Nd5 Rg7 42. Kf2 Bxd5 43. Rxd5+ Kxf4 44. Rxb5 e3+ 45. Ke2 Ke4 0-1

[Event "Titled Tue 17th Jun Early"]
[Site "chess.com INT"]
[Date "2025.06.17"]
[Round "8"]
[White "Ivashentseva, Dominika"]
[Black "Asish Panda"]
[Result "0-1"]
[WhiteTitle "WCM"]
[WhiteElo "1969"]
[BlackElo "1911"]
[WhiteFideId "34331050"]
[BlackFideId "45012458"]
[EventDate "2025.06.17"]

1. d4 d5 2. c4 e6 3. Nf3 Nf6 4. g3 Be7 5. Bg2 O-O 6. O-O Ne4 7. Ne5 f5 8. f3 Nf6
9. Re1 c5 10. e4 fxe4 11. fxe4 cxd4 12. exd5 exd5 13. Qxd4 Nc6 14. Nxc6 bxc6 15.
cxd5 cxd5 16. Nc3 Bb7 17. Bg5 Rc8 18. Kh1 Bc5 19. Qd3 h6 20. Bxf6 Rxf6 21. Nxd5
Rd6 22. Rad1 Kh8 23. Qb3 Rb8 24. Qc4 Rc8 25. Qb3 Rb8 26. Qc4 Bb6 27. Qb3 Bf2 28.
Rf1 Bxd5 29. Rxd5 Rxb3 30. Rxd6 Qxd6 31. axb3 Qd2 32. Be4 g5 33. Bg2 Qxb2 34. h3
Kg7 35. h4 gxh4 36. gxh4 Bxh4 37. Bd5 Bf6 38. Rg1+ Bg5 39. Rf1 Qd4 40. Rf7+ Kg6
41. Bc4 Qxc4 42. bxc4 Kxf7 43. Kg2 Ke6 44. Kf3 Kd6 45. Ke4 Kc5 46. Kd3 h5 47.
Ke4 h4 48. Kf5 Bd8 49. Kg4 Kxc4 50. Kh3 a6 51. Kg4 a5 52. Kh3 a4 53. Kg2 a3 54.
Kh2 a2 55. Kg2 a1=Q 56. Kh3 Qh1+ 57. Kg4 Qg2+ 58. Kh5 h3 59. Kh6 h2 60. Kh7
h1=Q# 0-1

[Event "Titled Tue 17th Jun Early"]
[Site "chess.com INT"]
[Date "2025.06.17"]
[Round "8"]
[White "Cuenca Jimenez, Jose Fernando"]
[Black "Bacrot, Etienne"]
[Result "0-1"]
[WhiteTitle "GM"]
[BlackTitle "GM"]
[WhiteElo "2487"]
[BlackElo "2633"]
[WhiteFideId "2255570"]
[BlackFideId "605506"]
[EventDate "2025.06.17"]

1. d4 d5 2. Bf4 Bf5 3. e3 e6 4. c4 Nf6 5. Nc3 Bb4 6. Qb3 Nc6 7. Nf3 O-O 8. cxd5
Nxd5 9. Bg3 Na5 10. Qa4 Qe8 11. Qxe8 Rfxe8 12. Rc1 Nxc3 13. bxc3 Ba3 14. Rd1 c5
15. Bb5 Rec8 16. O-O c4 17. Bd7 Rd8 18. Ba4 Rac8 19. Rd2 a6 20. Bc2 b5 21. Bxf5
exf5 22. Rb1 f6 23. Rc2 Nc6 24. Nd2 Ne7 25. f3 Nd5 26. Bf2 b4 27. cxb4 c3 28.
Nf1 Nxb4 29. Rxb4 Bxb4 30. Ng3 g6 31. e4 fxe4 32. fxe4 Re8 33. Kf1 Bd6 34. Ne2
Rxe4 35. Rxc3 Rxc3 36. Nxc3 Re8 37. g3 Kf7 38. Kg2 f5 39. Kf3 Rc8 40. Nd5 Rc2
41. a4 Ra2 42. Nb6 Bc7 43. Nd5 Bd8 44. Kf4 Rxf2+ 0-1

[Event "Titled Tue 17th Jun Early"]
[Site "chess.com INT"]
[Date "2025.06.17"]
[Round "8"]
[White "Arslanov, Shamil"]
[Black "Odegov, Artem"]
[Result "0-1"]
[WhiteTitle "IM"]
[BlackTitle "FM"]
[WhiteElo "2410"]
[BlackElo "2244"]
[WhiteFideId "4192826"]
[BlackFideId "34183644"]
[EventDate "2025.06.17"]

1. d4 d5 2. e4 dxe4 3. Nc3 Nf6 4. f3 c6 5. Bc4 b5 6. Bb3 a5 7. a4 b4 8. Nxe4 Bf5
9. Ng3 Bg6 10. N1e2 e6 11. Nf4 Bd6 12. h4 Qc7 13. Nge2 Nd5 14. g3 Nd7 15. c4
bxc3 16. bxc3 Nxf4 17. Nxf4 Bf5 18. Kf2 O-O 19. Nh5 Bg6 20. Nf4 Bf5 21. Nh5 e5
22. Re1 Rae8 23. Bd2 Bg6 24. f4 Bxh5 25. Qxh5 Nf6 26. Qf5 exd4 27. cxd4 Qb6 28.
Qd3 c5 29. Bc4 cxd4 30. Rab1 Bb4 31. Kf3 Qc6+ 0-1

[Event "Titled Tue 17th Jun Early"]
[Site "chess.com INT"]
[Date "2025.06.17"]
[Round "8"]
[White "Aradhya, Garg"]
[Black "Durarbayli, Vasif"]
[Result "1-0"]
[WhiteTitle "IM"]
[BlackTitle "GM"]
[WhiteElo "2370"]
[BlackElo "2612"]
[WhiteFideId "25006746"]
[BlackFideId "13402935"]
[EventDate "2025.06.17"]

1. d4 d5 2. c4 c6 3. Nf3 Nf6 4. Nc3 e6 5. e3 Nbd7 6. Qc2 Bd6 7. Bd3 dxc4 8. Bxc4
b5 9. Be2 O-O 10. e4 e5 11. Bg5 h6 12. Bh4 Qc7 13. O-O-O Re8 14. dxe5 Nxe5 15.
Nd4 b4 16. Na4 Bb7 17. Bxf6 gxf6 18. Nf5 Bf8 19. Nc5 Bc8 20. Kb1 Qb6 21. Nd6 Rd8
22. Nxc8 Raxc8 23. Nd3 Ng6 24. h4 c5 25. h5 c4 26. hxg6 cxd3 27. Qb3 Qe6 28.
gxf7+ Qxf7 29. Bxd3 Qxb3 30. axb3 Kg7 31. Bc4 Bc5 32. f3 Bd4 33. Bd5 Be5 34. g3
Rc5 35. f4 Bb8 36. Rh2 Rdc8 37. Rdh1 Rh8 38. Rh4 a5 39. Rg4+ Kf8 40. Rg6 Ke7 41.
Rg7+ Ke8 42. Rb7 Bc7 43. Rh5 Kd8 44. Rf5 Rf8 45. Ra7 Kd7 46. Be6+ 1-0

[Event "Titled Tue 17th Jun Early"]
[Site "chess.com INT"]
[Date "2025.06.17"]
[Round "8"]
[White "Xalmatov, Yakubjon"]
[Black "Shapiro, Daniel"]
[Result "1-0"]
[WhiteTitle "CM"]
[BlackTitle "FM"]
[WhiteElo "2096"]
[BlackElo "2284"]
[WhiteFideId "14201615"]
[BlackFideId "2001780"]
[EventDate "2025.06.17"]

1. e4 c5 2. Nf3 Nc6 3. Bb5 Nf6 4. Bxc6 dxc6 5. e5 Nd5 6. h3 g6 7. O-O Bg7 8. Re1
O-O 9. b3 h6 10. Bb2 Nf4 11. d3 Ne6 12. Nbd2 Nd4 13. c3 Nxf3+ 14. Nxf3 Bf5 15.
d4 cxd4 16. cxd4 Qd5 17. Qd2 a5 18. Qe3 a4 19. Nd2 g5 20. Nc4 Qb5 21. Qf3 Be6
22. Qc3 Rfd8 23. Ba3 Rd7 24. Bc5 Ra6 25. Na3 Qa5 26. b4 Qd8 27. b5 cxb5 28. Nxb5
Qa5 29. Qb2 b6 30. Ba3 Bc4 31. Nc3 Rxd4 32. Bxe7 Rd3 33. Ne4 Bxe5 34. Nf6+ Kh8
35. Rxe5 Qd2 36. Qxd2 Rxd2 37. Re4 Bxa2 38. Rb4 1-0

[Event "Titled Tue 17th Jun Early"]
[Site "chess.com INT"]
[Date "2025.06.17"]
[Round "8"]
[White "Andreev, Konstantin"]
[Black "Idani, Pouya"]
[Result "1-0"]
[WhiteTitle "FM"]
[BlackTitle "GM"]
[WhiteElo "2208"]
[BlackElo "2593"]
[WhiteFideId "24239305"]
[BlackFideId "12510130"]
[EventDate "2025.06.17"]

1. e4 c5 2. Nf3 d6 3. d4 cxd4 4. Nxd4 Nf6 5. Nc3 a6 6. h4 e5 7. Nb3 Be7 8. Bg5
Be6 9. Bxf6 Bxf6 10. g3 Be7 11. Qd3 O-O 12. O-O-O a5 13. a4 Nc6 14. Kb1 Nb4 15.
Qe3 Rc8 16. f4 Qc7 17. f5 Bd7 18. Bd3 b5 19. Nxb5 Bxb5 20. axb5 a4 21. b6 Qb8
22. Na5 d5 23. b7 Rc5 24. f6 d4 25. Qd2 gxf6 26. Qxb4 Qc7 27. Nc4 Rb8 28. Qxa4
Qxb7 29. Qb3 Rb5 30. Nd6 Rxb3 31. Nxb7 R3xb7 32. b3 Ra8 33. Rh2 1-0

[Event "Titled Tue 17th Jun Early"]
[Site "chess.com INT"]
[Date "2025.06.17"]
[Round "8"]
[White "Firouzja, Alireza"]
[Black "Deac, Bogdan-Daniel"]
[Result "1-0"]
[WhiteTitle "GM"]
[BlackTitle "GM"]
[WhiteElo "2766"]
[BlackElo "2674"]
[WhiteFideId "12573981"]
[BlackFideId "1226380"]
[EventDate "2025.06.17"]

1. Nf3 Nf6 2. g3 d5 3. Bg2 e6 4. O-O Be7 5. d3 O-O 6. Nbd2 Nc6 7. e4 dxe4 8.
dxe4 e5 9. c3 a5 10. Qe2 Bc5 11. Nc4 Qe7 12. h3 b6 13. a4 Ba6 14. Nh4 g6 15. Kh2
Qe6 16. b3 Rfe8 17. Bg5 Nh5 18. Nf5 f6 19. Bh6 Bf8 20. Bf3 Bxc4 21. bxc4 Ng7 22.
Ne3 Qf7 23. Nd5 Ne6 24. Be3 Bc5 25. Bg4 Kg7 26. Rab1 Ncd8 27. Qd2 Kg8 28. h4 h5
29. Bh3 Rb8 30. f4 Bxe3 31. Qxe3 exf4 32. gxf4 Nc5 33. e5 c6 34. Nxb6 Qf8 35.
Rg1 Kh7 36. Nd7 Nxd7 37. Bxd7 Rxb1 38. Rxb1 Re7 39. e6 Qg8 40. f5 gxf5 41. Rg1
Qf8 42. Qf3 1-0

[Event "Titled Tue 17th Jun Early"]
[Site "chess.com INT"]
[Date "2025.06.17"]
[Round "8"]
[White "Carrasco Miranda, Andres"]
[Black "Garcia Correa, Jose Ricardo"]
[Result "0-1"]
[WhiteTitle "CM"]
[BlackTitle "FM"]
[WhiteElo "2211"]
[BlackElo "2103"]
[WhiteFideId "3405990"]
[BlackFideId "5101832"]
[EventDate "2025.06.17"]

1. Nf3 Nf6 2. c4 c5 3. g3 Nc6 4. Bg2 d5 5. d4 dxc4 6. O-O cxd4 7. Na3 c3 8. bxc3
dxc3 9. Qa4 Qa5 10. Qb5 a6 11. Qd3 Bf5 12. Qe3 Nd5 13. Qg5 e6 14. Nc4 Qc5 15.
Ne3 h6 16. Qh5 g6 17. Qh4 Be7 18. Qa4 b5 19. Qb3 Na5 20. Qd1 Rd8 21. Nxf5 gxf5
22. Qd4 Qxd4 23. Nxd4 Bf6 24. e3 Nb4 25. Rb1 Nxa2 26. Ba3 Bxd4 27. exd4 c2 28.
Ra1 Nc3 29. Bb4 Ne2+ 30. Kh1 Nc4 31. Bc6+ Rd7 32. Rxa6 Kd8 33. Bxb5 c1=Q 34.
Rxc1 Nxc1 35. Ra8+ Kc7 36. Rxh8 Rxd4 37. Rh7 Ne5 38. Ba5+ Kd6 39. Bf1 Rd1 40.
Kg2 Ncd3 41. Bxd3 Nxd3 0-1

[Event "Titled Tue 17th Jun Early"]
[Site "chess.com INT"]
[Date "2025.06.17"]
[Round "8"]
[White "Li, Eric 2007"]
[Black "Tikhonov, Viacheslav"]
[Result "1-0"]
[WhiteTitle "IM"]
[BlackTitle "CM"]
[WhiteElo "2372"]
[BlackElo "2183"]
[WhiteFideId "30939941"]
[BlackFideId "44196407"]
[EventDate "2025.06.17"]

1. d4 Nf6 2. c4 g6 3. Nc3 d5 4. cxd5 Nxd5 5. Bd2 Bg7 6. e4 Nxc3 7. Bxc3 O-O 8.
Nf3 c5 9. d5 e6 10. Bc4 exd5 11. Bxd5 Nc6 12. O-O Be6 13. Bxe6 fxe6 14. Qb3 Qe7
15. Rfd1 Rxf3 16. gxf3 Bd4 17. f4 Rf8 18. Bd2 Kh8 19. Kh1 Bxf2 20. Qf3 Bd4 21.
Bc3 Qf6 22. Rf1 b5 23. a3 a5 24. Qg2 Qe7 25. e5 Qc7 26. Rac1 b4 27. Bxd4 Nxd4
28. axb4 axb4 29. Qe4 Qb6 30. Ra1 Kg7 31. Ra8 Rf7 32. Rfa1 Rd7 33. h3 Qb5 34.
R8a7 Rxa7 35. Rxa7+ Kh6 36. Qg2 1-0

[Event "Titled Tue 17th Jun Early"]
[Site "chess.com INT"]
[Date "2025.06.17"]
[Round "8"]
[White "Goodrich, Elliott"]
[Black "Ozen, Batuhan"]
[Result "1-0"]
[BlackTitle "CM"]
[WhiteElo "2019"]
[BlackElo "2128"]
[WhiteFideId "39902064"]
[BlackFideId "6345123"]
[EventDate "2025.06.17"]

1. e4 c5 2. Nf3 Nc6 3. d4 cxd4 4. Nxd4 g6 5. Nc3 Bg7 6. Be3 Nf6 7. Bc4 Qa5 8.
Nb3 Qc7 9. Qe2 a6 10. a4 Na5 11. Nxa5 Qxa5 12. O-O O-O 13. Bd4 d6 14. Rab1 Bg4
15. f3 Bd7 16. b4 Qc7 17. Bxf6 exf6 18. Nd5 Qd8 19. a5 Rc8 20. Nb6 Rc7 21. Rbd1
Bc6 22. Qd3 f5 23. exf5 Qh4 24. Qxd6 Re7 25. g3 Qg5 26. h4 Qe3+ 27. Kg2 gxf5 28.
Qd3 Qe5 29. Rfe1 Qxe1 30. Rxe1 Rxe1 31. Qxf5 Bd4 32. Bd3 Kg7 33. Qg5+ Kh8 34.
Qh6 f5 35. Qxf8# 1-0

[Event "Titled Tue 17th Jun Early"]
[Site "chess.com INT"]
[Date "2025.06.17"]
[Round "8"]
[White "Souleidis, Georgios"]
[Black "Devaev, Alexander"]
[Result "1-0"]
[WhiteTitle "IM"]
[BlackTitle "FM"]
[WhiteElo "2418"]
[BlackElo "2306"]
[WhiteFideId "4206827"]
[BlackFideId "4169395"]
[EventDate "2025.06.17"]

1. e4 c6 2. Nc3 d5 3. Nf3 Nf6 4. e5 Ne4 5. Ne2 e6 6. d3 Nc5 7. d4 Ncd7 8. Nf4 c5
9. c3 Nc6 10. Be2 Be7 11. h4 h5 12. Ng5 Bxg5 13. hxg5 g6 14. Be3 cxd4 15. cxd4
Qb6 16. Qd2 Nf8 17. O-O-O Bd7 18. Kb1 O-O-O 19. Rc1 Kb8 20. Ka1 Na5 21. b3 Bb5
22. Bxb5 Qxb5 23. Rc5 Nxb3+ 24. axb3 Qxb3 25. Rb1 Qa3+ 26. Qa2 Qxa2+ 27. Kxa2
Nd7 28. Rc3 Rc8 29. Rbc1 b6 30. Nd3 Kb7 31. Nb4 Nb8 32. Kb3 Rxc3+ 33. Rxc3 Rc8
34. Rxc8 Kxc8 35. Bd2 Kb7 36. Nc2 a5 37. Bc1 b5 38. Ne1 a4+ 39. Kb4 Kc6 40. Nd3
Kb6 41. Nc5 Nc6+ 42. Kc3 b4+ 43. Kd3 Kb5 44. Nd7 a3 45. Nc5 1-0

[Event "Titled Tue 17th Jun Early"]
[Site "chess.com INT"]
[Date "2025.06.17"]
[Round "8"]
[White "Safin Safarullakhan"]
[Black "Novikova, Marharyta"]
[Result "1-0"]
[WhiteTitle "CM"]
[BlackTitle "WCM"]
[WhiteElo "2028"]
[BlackElo "1974"]
[WhiteFideId "33379475"]
[BlackFideId "14109689"]
[EventDate "2025.06.17"]

1. e4 d5 2. exd5 Nf6 3. d4 Nxd5 4. Nf3 Bf5 5. c4 Nb6 6. Nc3 e6 7. Bf4 Bd6 8.
Bxd6 cxd6 9. Be2 d5 10. c5 N6d7 11. O-O O-O 12. b4 a6 13. a4 Nf6 14. b5 Nbd7 15.
bxa6 bxa6 16. a5 Ne4 17. Na4 Qc7 18. Nb6 Ra7 19. Qb3 Bg4 20. Rfd1 Rb8 21. Rab1
h6 22. h3 Bh5 23. Qe3 Bg6 24. Nxd7 Rxb1 25. Rxb1 Qxd7 26. Ne5 Qa4 27. Bd3 Bf5
28. g4 Bg6 29. Nxg6 fxg6 30. Bxe4 dxe4 31. Qxe4 Kh7 32. Rb6 Qd1+ 33. Kh2 Qf1 34.
Qg2 Qc4 35. Qf3 Qxd4 36. Qe3 Qd5 37. Rxe6 Rc7 38. Re5 Qa2 39. h4 Rf7 40. Kg2 Qb1
41. h5 Qb7+ 42. Kh2 Qc7 43. hxg6+ Kxg6 44. Qd3+ Kf6 45. Qf5# 1-0

[Event "Titled Tue 17th Jun Early"]
[Site "chess.com INT"]
[Date "2025.06.17"]
[Round "8"]
[White "Kovalchuk, Alexey"]
[Black "Jovic, Stanoje"]
[Result "1-0"]
[WhiteTitle "FM"]
[BlackTitle "FM"]
[WhiteElo "2304"]
[BlackElo "2096"]
[WhiteFideId "24154385"]
[BlackFideId "905020"]
[EventDate "2025.06.17"]

1. d4 Nf6 2. c4 e6 3. Nc3 Bb4 4. e3 O-O 5. Bd3 d5 6. a3 Bd6 7. c5 Be7 8. b4 c6
9. f4 a5 10. Rb1 axb4 11. axb4 b5 12. Nf3 Re8 13. Ne5 g6 14. O-O Nfd7 15. Qf3
Nf8 16. Bd2 f6 17. Ng4 Nbd7 18. Kh1 Ra3 19. Ra1 Rb3 20. Qd1 Rxb4 21. Nxd5 Ra4
22. Nxe7+ Qxe7 23. Rxa4 bxa4 24. Qxa4 h5 25. Nf2 Bb7 26. Rb1 Ba8 27. Ne4 e5 28.
Nd6 Rd8 29. fxe5 fxe5 30. Rf1 Nf6 31. Bc4+ Kg7 32. h3 exd4 33. exd4 N8d7 34. Bg5
Rf8 35. Qa7 Kh8 36. Bxf6+ Rxf6 37. Qxa8+ Kh7 38. Qg8+ Kh6 39. Nf7+ 1-0

[Event "Titled Tue 17th Jun Early"]
[Site "chess.com INT"]
[Date "2025.06.17"]
[Round "8"]
[White "Flynn, Jacob"]
[Black "Ndirangu, Nyaruai, Joyce"]
[Result "1-0"]
[WhiteTitle "CM"]
[BlackTitle "WCM"]
[WhiteElo "2274"]
[BlackElo "1909"]
[WhiteFideId "2509393"]
[BlackFideId "10802886"]
[EventDate "2025.06.17"]

1. Nf3 Nf6 2. c4 g6 3. Nc3 d5 4. cxd5 Nxd5 5. h4 Bg7 6. h5 c6 7. Qb3 Na6 8. e4
Nxc3 9. dxc3 Nc5 10. Qc2 Bg4 11. h6 Bf6 12. Be3 Bxf3 13. Bxc5 Bg4 14. f3 Be6 15.
Rd1 Qa5 16. Bb4 Qxa2 17. Qf2 a5 18. Bc5 Bb3 19. Rc1 O-O 20. Bd4 Rfd8 21. Bd3 e5
22. Bb1 Qa4 23. Be3 Rd7 24. O-O Rad8 25. Bc2 Bxc2 26. Rxc2 Rd1 27. Rxd1 Rxd1+
28. Kh2 Qa1 29. g3 Rh1+ 30. Kg2 Rh5 31. Rc1 Qa4 32. Qd2 c5 33. Bxc5 Qc6 34. Be3
Qe6 35. g4 Rh4 36. Rd1 Rxg4+ 37. fxg4 Qxg4+ 38. Kf1 Qf3+ 39. Bf2 Kf8 40. Qd6+
Be7 41. Qb8+ Bd8 42. Qxd8# 1-0

[Event "Titled Tue 17th Jun Early"]
[Site "chess.com INT"]
[Date "2025.06.17"]
[Round "8"]
[White "Simonovic, Miroslav"]
[Black "Khanbutaev, Artemii"]
[Result "1-0"]
[WhiteTitle "CM"]
[WhiteElo "2092"]
[BlackElo "2139"]
[WhiteFideId "919152"]
[BlackFideId "55747175"]
[EventDate "2025.06.17"]

1. d4 d5 2. Bg5 Nf6 3. Bxf6 exf6 4. e3 Bd6 5. c4 dxc4 6. Bxc4 O-O 7. Nc3 c5 8.
dxc5 Bxc5 9. Nge2 Nc6 10. O-O Bg4 11. h3 Bh5 12. a3 a6 13. b4 Ba7 14. Qb3 Ne5
15. Bd5 Qe7 16. Nf4 Bg6 17. Nxg6 hxg6 18. g3 f5 19. Bg2 Rfd8 20. Rfd1 Rxd1+ 21.
Rxd1 Rd8 22. Rxd8+ Qxd8 23. Nd5 b5 24. Qc3 Nc4 25. h4 Bb8 26. a4 Be5 27. Qb3 Kh7
28. a5 Qd6 29. Qd3 Bb2 30. h5 Ba3 31. hxg6+ fxg6 32. g4 Qe5 33. gxf5 gxf5 34. f4
Qa1+ 35. Kh2 Nd6 36. e4 fxe4 37. Bxe4+ Nxe4 38. Qxe4+ Kh6 39. Ne3 Qb2+ 40. Kh3
Qf6 41. Ng4+ Kh5 42. Nxf6+ 1-0

[Event "Titled Tue 17th Jun Early"]
[Site "chess.com INT"]
[Date "2025.06.17"]
[Round "8"]
[White "Mecit, Emre"]
[Black "Aalto, Patrik"]
[Result "0-1"]
[BlackTitle "FM"]
[WhiteElo "2007"]
[BlackElo "2316"]
[WhiteFideId "6304214"]
[BlackFideId "510726"]
[EventDate "2025.06.17"]

1. e4 c5 2. Nf3 e6 3. c3 d5 4. exd5 Qxd5 5. d4 Nf6 6. Na3 a6 7. Nc4 Nbd7 8. Be2
Be7 9. O-O O-O 10. a4 cxd4 11. Qxd4 b6 12. Qxd5 Nxd5 13. Rd1 Bb7 14. Ne3 Nc5 15.
Nd4 Nf4 16. Bf1 Rac8 17. Nc4 Nd5 18. Ne5 Bf6 19. Nef3 Rfd8 20. Bd2 e5 21. Nf5
Nb3 22. Rab1 e4 23. N3d4 Nxd2 24. Rxd2 g6 25. Ne3 Nxe3 26. fxe3 Bg5 27. Kf2 f5
28. g3 Kf7 29. Rbd1 Rd6 30. Nb3 Rxd2+ 31. Rxd2 Ke7 32. c4 Bf6 33. a5 Rc6 34. Nd4
Rd6 35. axb6 Rxb6 36. c5 Rb4 37. c6 Bc8 38. Rc2 Bxd4 39. exd4 Rxd4 40. Ke3 Rd1
41. Be2 Rh1 42. Bc4 Kd6 43. g4 Ke5 44. gxf5 gxf5 45. b4 f4+ 46. Kd2 Rxh2+ 47.
Kc3 Rxc2+ 48. Kxc2 Kd4 49. Bf1 f3 50. Kb3 e3 51. Kc2 e2 52. Bxe2 fxe2 53. Kd2
Kc4 0-1

[Event "Titled Tue 17th Jun Early"]
[Site "chess.com INT"]
[Date "2025.06.17"]
[Round "8"]
[White "Filev, Georgi"]
[Black "Klukin, Kirill"]
[Result "0-1"]
[WhiteTitle "FM"]
[BlackTitle "IM"]
[WhiteElo "2189"]
[BlackElo "2401"]
[WhiteFideId "2907500"]
[BlackFideId "24199273"]
[EventDate "2025.06.17"]

1. e4 c5 2. Nf3 g6 3. c3 Bg7 4. d4 cxd4 5. cxd4 d5 6. e5 a6 7. Nc3 Nc6 8. Be3 f6
9. exf6 Nxf6 10. h3 O-O 11. Be2 Nh5 12. Qb3 e6 13. O-O Nf4 14. Bxf4 Rxf4 15.
Rad1 Nxd4 16. Nxd4 Rxd4 17. Rxd4 Bxd4 18. Rd1 Qf6 19. Bf3 Kg7 20. a4 Rb8 21. Qb4
Be5 22. a5 Bd7 23. Ne2 Bc6 24. Nd4 Bxd4 25. Rxd4 e5 26. Rd1 Rd8 27. Qb6 Rd7 28.
Bg4 Rf7 29. f3 h5 30. Bc8 Qg5 31. Be6 Rxf3 32. Qc7+ Kh6 33. Re1 Rf6 34. Qxe5
Qxe5 35. Rxe5 d4 36. Bc4 Rd6 37. Bd3 Kg7 38. Kf2 Kf6 39. Re1 Bb5 40. Re4 Bxd3 0-1

[Event "Titled Tue 17th Jun Early"]
[Site "chess.com INT"]
[Date "2025.06.17"]
[Round "8"]
[White "Shermuhammadov, Samandar"]
[Black "Hnatyshyn, Anastasiia"]
[Result "1-0"]
[WhiteTitle "FM"]
[BlackTitle "WFM"]
[WhiteElo "2110"]
[BlackElo "2233"]
[WhiteFideId "14205602"]
[BlackFideId "14198339"]
[EventDate "2025.06.17"]

1. e4 e6 2. d3 d5 3. Nd2 c5 4. Ngf3 Nc6 5. g3 Nge7 6. Bg2 g6 7. O-O Bg7 8. Re1
O-O 9. Nf1 dxe4 10. dxe4 b6 11. c3 Bb7 12. Bf4 h6 13. Qc2 g5 14. Rad1 Qc8 15.
Bd6 Rd8 16. Ne3 Ng6 17. a4 Rd7 18. Nc4 Ba6 19. Na3 Qd8 20. e5 Rc8 21. h3 Bf8 22.
Nb5 Bxb5 23. axb5 Nce7 24. g4 Nf4 25. Nd2 Nxg2 26. Kxg2 Nd5 27. Ne4 Bxd6 28.
Nxd6 Rcc7 29. Ne4 Nf4+ 30. Kh2 Rxd1 31. Rxd1 Qa8 32. Nf6+ Kf8 33. f3 Rc8 34. Qh7
Rd8 35. Qg8+ Ke7 36. Rd7+ Rxd7 37. Qxa8 Rd2+ 38. Kg1 Rd1+ 39. Kf2 Rd2+ 40. Ke1
Re2+ 41. Kd1 Rxe5 42. Ng8+ Kd7 43. Qxa7+ Ke8 44. Nf6+ 1-0